000 00290nam a2200109Ia 4500
008 200302s9999 xx 000 0 und d
100 _aDr. Thalia Kennedy
245 _a1001 Images Of Taj Mahal, A Great Wonder Of the World
260 _bR.K. Publications
260 _c2009
300 _a353 P
999 _c4227
_d4227